Portage, Wisconsin : and other essays / by Zona Gale.

Saved in:
Bibliographic Details
Main Author: Gale, Zona
Format: Book
Language:English
Published: New York : Alfred A. Knopf, 1928.
LEADER 00556nam a22001933 4500
001 c000416825
003 CARM
005 00000000000000.0
008 eng
019 1 |a 10432858 
035 |a (OCoLC)1168097 
035 |a (vdu).b15907855 
040 |a VDU  |c VDU 
082 0 4 |a 810.52 
100 |a Gale, Zona. 
245 0 |a Portage, Wisconsin : and other essays / by Zona Gale. 
260 |a New York : Alfred A. Knopf, 1928. 
300 |a 214 p. ;  |c 19 cm. 
999 f f |i 424c4509-3389-5b2e-bb41-95a26b0e95d5  |s 8db67a7a-9789-5314-aebc-98d4fa172418